000 03948nab a2200373 i 4500
003 BR-BrBNA
005 20250901182447.0
008 250901b2022 bl.mr|pooa||| 00| 0 eng |
040 _aBR-BrBNA
_beng
072 _aF06
_b0332
072 _aF60
072 _aH50
100 _aSilva, Alan H. S.
100 _aSantos Júnior, José A.
100 _aSilva, Manassés M. da
100 _aSilva, Gerônimo F. da
100 _aCruz, Ruana I. F.
100 _aMedeiros, Salomão de S.
100 _aFreire, Martiliana M.
245 _aProduction and water relations of peanut irrigated with brackish water under pulse and continuous drip
500 _aPublicação on-line; 28 ref.; 4 illus; 2 tables; Sumaries (En, Pt)
520 _a ABSTRACT: An efficient water management in irrigation is essential to optimize water efficiency, especially when using brackish water. Thus, the present study was carried out aiming to analyze gas exchanges, pod production, and the water status of peanut plants under increasing levels of salinity (electrical conductivity of 0.12, 1.6, 2.8, 4.0, and 5.2 dS m-1) and the application of the irrigation depth via pulses. A randomized block design in a 5 × 2 factorial scheme was used with four replications, adding up to forty experimental units. The experiment was carried out in drainage lysimeters, at the Federal Rural University of Pernambuco, in open fields from September to November 2019. It was concluded that the use of pulse drip irrigation did not mitigate the deleterious effect of salinity but promoted higher grain and pod production compared to continuous drip irrigation. It was also found that the use of brackish water via pulse drip irrigation promotes greater water use efficiency compared to continuous drip irrigation, and that the increase in the electrical conductivity of the water reduced the water, pressure, and osmotic potentials, along with the osmotic adjustment. Key words: Arachis hypogaea, salt tolerance, salinity stress
520 _a RESUMO: Um eficiente manejo da água na irrigação é fundamental para a otimização da eficiência hídrica, especialmente quando se utiliza águas salobras. Neste sentido, o presente estudo foi desenvolvido com o objetivo de avaliar as trocas gasosas, produção de vagens e grãos e o estado hídrico de plantas de amendoim sob níveis crescentes de salinidade (condutividade elétrica de 0,12; 1,6; 2,8; 4,0 e 5,2 dS m-1) e a aplicação da lâmina de irrigação via pulsos. O delineamento experimental adotado foi em blocos ao acaso, analisado em esquema fatorial 5 × 2 com quatro repetições, totalizando quarenta unidades experimentais. O experimento foi realizado em lisímetros de drenagem, na Universidade Federal Rural de Pernambuco, em campo aberto, entre os meses de setembro a novembro de 2019. O uso de pulsos de irrigação não mitigou o efeito deletério da salinidade, mas proporcionou maior produção de grãos e vagens em relação ao gotejo contínuo. A aplicação de águas salobras via gotejamento por pulsos proporcionou maior eficiência de uso da água em relação ao gotejo contínuo e o aumento da condutividade elétrica da água reduziu os potenciais hídrico, de pressão e osmótico, bem como no ajustamento osmótico. Palavras-chave: Arachis hypogaea, tolerância à salinidade, estresse salino
650 _aAMENDOIM
650 _aSTRESS
650 _aSALINIDADE
650 _aIRRIGAÇÃO
650 _aTROCA GASOSA
650 _aFISIOLOGIA VEGETAL
773 0 _03534
_9317827
_dCampina Grande-PB Universidade Federal de Campina Grande. Centro de Ciências e Tecnologia 1997
_o2024-4546
_tRevista Brasileira de Engenharia Agrícola e Ambiental (Brazil)
_x1415-4366
_gv. 26 (11) p. 789-796; (2022)
_wBR2025003530
856 _uhttps://www.scielo.br/j/rbeaa/a/FVfNWDvGmYvBVMPRKDx3jcT/?format=pdf&lang=en
942 _cANA
999 _c337938
_d337938